00385nam a2200157Ia 45000010006000000050017000060080041000230410008000640820020000721000031000922450051001232600009001743000028001836500008002116540008002192249720260414150835.0260414t2000||||xx |||||||||||||| ||spa|| aESP a621.382bA75-II aArnau Vives, Antonio eAUT 0aSistemas electrónicos de comunicaciones IIb c2000 a512 páginas :c24 cm. aTCA aCET